| 000 | 00601nam a2200229 a 4500 | ||
|---|---|---|---|
| 001 | nice12345678 | ||
| 003 | IN_TiNIC | ||
| 005 | 20260116014208.0 | ||
| 008 | 071218s2006 newa grp 000 0 eng | ||
| 020 |
_a8175963204 _c495 |
||
| 082 | 0 | 0 |
_a340.59 _bCOO |
| 100 | _aCook, Michael | ||
| 245 | _aCommanding Right and Forbidding Wrong in Islamic Thought | ||
| 260 |
_aNew Delhi _bCambridge University Press _c2006 |
||
| 300 | _a702p | ||
| 500 | _aincludes index and biblioraphy | ||
| 650 | _aIslamic-Law | ||
| 700 | 1 | _aCook, Michael | |
| 902 | _bSRS | ||
| 942 | _cBK | ||
| 999 |
_c14272 _d14272 |
||